Kompass : British exports 99.
| Format: | Book |
|---|---|
| Published: |
West Sussex:
Reed Business Information,
[1998].
|
| Edition: | 5th ed.. |
| Subjects: |
| LEADER | 00496cam a2200169 7i4500 | ||
|---|---|---|---|
| 001 | 0000007041 | ||
| 005 | 20030718090000.0 | ||
| 002 | ##000008769 | ||
| 020 | 0 | 0 | |a 0862684072 |
| 090 | 0 | 0 | |a UK 382.6025 |b KOM |
| 245 | 0 | 0 | |a Kompass : |b British exports 99. |
| 250 | 0 | 0 | |a 5th ed.. |
| 260 | 0 | 0 | |a West Sussex: |b Reed Business Information, |c [1998]. |
| 300 | # | # | |a [v.p]. |
| 650 | 0 | 0 | |a Exports -- |x Directories -- |z United Kingdom |
| 651 | 0 | 0 | |a United Kingdom |
| 999 | |a 0000010205 |b Book |c Open shelf |e Business Information Centre | ||


